000 00761nam a2200241 a 4500
001 62978
005 20180714065218.0
008 150622s2012 sp r 000 0 spa d
020 _a9788467014587
041 0 _aspa
082 0 _a646.7
_bABA
100 1 _aAbadía, Leopoldo,
_d1933-
_eautor
245 1 0 _a36 cosas que hay que hacer para que una familia funcione bien /
_cLeopoldo Abadía.
250 _a[Primera edición]
264 1 _aEspaña :
_bESPASA,
_c2012
300 _a206 páginas ;
_c20 cm.
336 _atexto
_2rdacontent
337 _asin mediación
_2rdamedia
338 _avolumen
_2rdacarrier
490 0 _aDivulgación. Actualidad
_v3323
650 4 _aRelaciones de familia
650 4 _aEducación para la vida familiar
999 _c62978
_d62978